LEADER 01164nam a2200277 i 4500 001 991003742499707536 005 20020509131418.0 008 970717s1991 us ||| | eng 035 $ab11208077-39ule_inst 035 $aPARLA187739$9ExL 040 $aDip.to Scienze Storiche Fil. e Geogr.$bita 082 04$a320.540956940973 245 00$aMobilizing for the war effort, 1940 /$cedited with an introduction by Aaron S. Klieman 260 $aNew York ; London :$bGarland,$cc1991 300 $a433 p. ;$c29 cm. 490 0 $aAmerican Zionism ;$v8 650 4$aSionismo$zStati Uniti d'America$xStoria$vFonti 650 4$aEbrei statunitensi$xAttività politica$vFonti 651 4$aStati Uniti d'America$xRelazioni internazionali$vFonti 700 1 $aKlieman, Aaron S. 907 $a.b11208077$b04-04-17$c01-07-02 912 $a991003742499707536 945 $aLE023 320.54 Coll. I, 8$g1$i2023000170519$lle023$nv. 8$nLE009 Stor. 79.1-475/8 (vecchia collocazione)$o-$pE0.00$q-$rn$so $t0$u1$v0$w1$x0$y.i11359791$z01-07-02 996 $aMobilizing for the war effort, 1940$91745234 997 $aUNISALENTO 998 $ale023$b01-01-97$cm$da $e-$feng$gus $h0$i1